000 01560nam a2200253Ia 4500
001 10444
003 GE_BSU
008 181216s||||||||xx |||||||||||||| ||und||
020 _a9992895276
040 _cGE_BSU
080 _a821.353.1-31+821.353.1-32
100 _aგამსახურდია,კონსტანტინე
245 _aქართული პროზაწ. 37:დიდოსტატის კონსტანტინეს მარჯვენა;ნოველები
245 _bწ.37:დიდოსტატის კონსტანტინეს მარჯვენა;ნოველები
245 _cსარედ.კოლ:გრ.აბაშიძე და სხვ. შემდგ:მანანა არჩვაძე-გამსახურდია;რედ:რუსუდან სირაძე;მხატვ:გიორგი ავსაჯანიშვილი,დავით დუნდუა.
260 _aთბილისი
260 _bსაქართველო-3
260 _c2005
300 _a670გვ;20სმ.
520 _aტექსტი მომზადებულია 1939წლის გამოცემის მიხედვით.
541 _h12ლ.
653 _aქართული პროზა/წ.37:დიდოსტატის კონსტანტინეს მარჯვენა;ნოველები/კონსტანტინე გამსახურდია.
942 _cBK
999 _c43703
_d43703